|
|
|
|
| LEADER |
01113cam a2200265 7i4500 |
| 001 |
0000064793 |
| 005 |
20211217090000.0 |
| 020 |
|
|
|a 9781780648705 (electronic book)
|
| 090 |
0 |
0 |
|a QA76.9.B45
|b K74 2016
|
| 100 |
1 |
|
|a Kshetri, Nir
|
| 245 |
1 |
0 |
|a Big data's big potential in developing economies :
|b impact on agriculture, health and environmental security
|c Nir Kshetri.
|
| 264 |
|
|
|a Oxfordshire, UK:
|b CABI,
|c 2016.
|
| 300 |
|
|
|a 1 online resource (xvi, 220 pages):
|b text file, PDF.
|
| 336 |
|
|
|a text
|2 rdacontent
|
| 337 |
|
|
|a computer
|2 rdamedia
|
| 338 |
|
|
|a online resource
|2 rdacarrier
|
| 650 |
|
0 |
|a Big data --
|z Developing countries
|
| 650 |
|
0 |
|a Agriculture and state --
|z Developing countries
|
| 650 |
|
0 |
|a Medical policy --
|z Developing countries
|
| 650 |
|
0 |
|a Environmental policy --
|z Developing countries
|
| 655 |
|
0 |
|a Electronic books
|
| 856 |
4 |
2 |
|u http://library.unisel.edu.my/web/guest/mylibrary
|
| 997 |
|
|
|a Engineering & Life Sciences, Faculty
|b Science & Biotechnology, Department
|
| 998 |
|
|
|a Biotechnology & Life Sciences, Diploma
|
| 999 |
|
|
|a EBO0009180
|b EBOOK
|c EBOOK
|e Electronic resources
|